Normal view
MARC view
- Ayesha Rehman , Nida Khalil,Uzma Batool
Entry Personal Name
001 - CONTROL NUMBER
- control field: 91950
003 - CONTROL NUMBER IDENTIFIER
- control field: NUST
005 - DATE AND TIME OF LATEST TRANSACTION
- control field: 20220531123149.0
008 - FIXED-LENGTH DATA ELEMENTS
- fixed length control field: 220531|| aca||aabn | a|a d
040 ## - CATALOGING SOURCE
- Original cataloging agency: NUST
- Transcribing agency: NUST
100 ## - HEADING--PERSONAL NAME
- Personal name: Ayesha Rehman , Nida Khalil,Uzma Batool
670 ## - SOURCE DATA FOUND
- Source citation: Work cat.: (NUST): Ayesha Rehman , Nida Khalil,Uzma Batool., Energy Extraction from RF/ Microwave Signal , 2012
